| 000 | 01103nam2a22002651 4500 | ||
|---|---|---|---|
| 001 | v19\rc\1512678 | ||
| 005 | 20250618165511.0 | ||
| 035 | _a(NLR Aleph) 004637095 | ||
| 090 |
_a3244429 _c3244429 |
||
| 100 | _a20060620d1908 |||y0rusy50 ca | ||
| 101 | 0 | _arus | |
| 102 | _aRU | ||
| 105 | _ay z ||||| | ||
| 200 | 0 |
_aза 1906 год _e24 год... |
|
| 210 |
_d1908 _aБ. м. |
||
| 215 | _a99 с. | ||
| 461 | 0 |
_1001v19\rc\1512670 _12001#$aОтчет Томского добровольного пожарного общества...$fДейств. чл. Имп. Рос. пожар. о-ва$vза 1906 год _93244329 _aТомское добровольное пожарное о-во _cТомск _d1884-1914 _fДейств. чл. Имп. Рос. пожар. о-ва _tОтчет Томского добровольного пожарного общества... _vза 1906 год |
|
| 801 | 0 |
_aRU _bNLR _gpsbo |
|
| 801 | 0 |
_aRU _bRuMoRGB _2psbo |
|
| 801 | 1 |
_aRU _bProSoft-M _2rusmarc |
|
| 852 |
_aNLR _j20.88.7.100 |
||
| 899 |
_aRuMoRGB (1902-1912*) _jF 69/480 |
||
| 899 | _aБАН | ||
| 942 | _cBOOK | ||
| 980 | _aNB | ||